000 00587nam a2200205Ia 4500
003 OSt
005 20230519112812.0
008 210423s1995 xx 000 0 und d
040 _cAL
041 _aeng
082 _a338.9
_223
_bPADD
100 _aPADAKI (Vijay),Ed
_9109543
245 _aDevelopment intervention and programme evaluation
260 _aNew Delhi
_bSage Publications
_c1995
365 _b375
_cINR
650 _aEconomics
_9109544
650 _aEconomics of Development
_9109545
906 _aDevelopment ; evaluation ; intervention ; programme
942 _2ddc
_cBK
999 _c172588
_d172588